_A History and philosophy of sport and physical education from Ancient civilizations to the modern world (Record no. 14050)
[ view plain ]
| 000 -LEADER | |
|---|---|
| fixed length control field | 00519nam a2200169Ia 4500 |
| 008 - FIXED-LENGTH DATA ELEMENTS--GENERAL INFORMATION | |
| fixed length control field | 151021s9999 xx 000 0 und d |
| 020 ## - INTERNATIONAL STANDARD BOOK NUMBER | |
| International Standard Book Number | 72354127 |
| 050 ## - LIBRARY OF CONGRESS CALL NUMBER | |
| Classification number | GV 211.M48 2002 |
| 245 ## - TITLE STATEMENT | |
| Title | _A History and philosophy of sport and physical education from Ancient civilizations to the modern world |
| 260 ## - PUBLICATION, DISTRIBUTION, ETC. (IMPRINT) | |
| Place of publication, distribution, etc. | USA McGraw-Hill 2002 |
| 300 ## - PHYSICAL DESCRIPTION | |
| Extent | xviii,379p. |
| 500 ## - GENERAL NOTE | |
| General note | Includes index |
| 500 ## - GENERAL NOTE | |
| General note | Includes index |
| 650 ## - SUBJECT ADDED ENTRY--TOPICAL TERM | |
| Topical term or geographic name as entry element | _sports |
| 700 ## - ADDED ENTRY--PERSONAL NAME | |
| Personal name | _Steven G Estes |
| 980 ## - EQUIVALENCE OR CROSS-REFERENCE-SERIES STATEMENT--PERSONAL NAME/TITLE [LOCAL, CANADA] | |
| Personal name | ^d20130606 09:25:15^oanne |
No items available.